<?xml version="1.0" encoding="UTF-8"?>
<collection xmlns="http://www.loc.gov/MARC21/slim">
  <record>
    <leader>00000nam  2200000   4500</leader>
    <controlfield tag="001">INLIS000000000006268</controlfield>
    <controlfield tag="005">20191217021712</controlfield>
    <datafield tag="035" ind1="#" ind2="#">
      <subfield code="a">0010-1219000099</subfield>
    </datafield>
    <datafield tag="245" ind1="1" ind2="#">
      <subfield code="a">Dadar Pakan Unggas (Pemanfaatan Limbah Darah RPH menjadi pakan unggas untuk mewujudkan lingkungan bebas pencemaran dan peningkatan produktivitas ternak Unggas) Kabupaten Paser /</subfield>
      <subfield code="c">Bonajiono</subfield>
    </datafield>
    <datafield tag="100" ind1=" " ind2="#">
      <subfield code="a">Bonajiono</subfield>
    </datafield>
    <datafield tag="250" ind1="#" ind2="#">
      <subfield code="a">1</subfield>
    </datafield>
    <datafield tag="300" ind1="#" ind2="#">
      <subfield code="a">ii, 20 halaman :</subfield>
      <subfield code="b">ilustrasi ;</subfield>
      <subfield code="c">30</subfield>
    </datafield>
    <datafield tag="260" ind1="#" ind2="#">
      <subfield code="a">Samarinda :</subfield>
      <subfield code="b">PKP2A III LAN,</subfield>
      <subfield code="c">2016</subfield>
    </datafield>
    <datafield tag="084" ind1="#" ind2="#">
      <subfield code="a">PIV 156 2016</subfield>
    </datafield>
    <datafield tag="650" ind1="#" ind2="#">
      <subfield code="a">Proyek Perubahan</subfield>
    </datafield>
    <datafield tag="500" ind1="#" ind2="#">
      <subfield code="a">Coach : M. Abdi Rahman, S.Sos, M.Si&#13;
Penguji : Drs. Sudiyanto</subfield>
    </datafield>
    <datafield tag="990" ind1="#" ind2="#">
      <subfield code="a">PIV/156/2016</subfield>
    </datafield>
  </record>
</collection>
